000 00299nam a22001337a 4500
008 170526b xxu||||| |||| 00| 0 eng d
020 _a9780534171438
041 _aeng
080 _a62
100 _a27
101 _aIM
245 _aTHE NEW SOFTWARE ENGINEERING
_cCONGER.S
942 _2udc
_cBK
999 _c14501
_d14501